000 01296aab a2200205 i 4500
001 768714001
003 CO-MdFUSB
005 20240422092425.0
008 240418t1986 ag ||||| |||| 00| 0 spa d
040 _bspa
_cCO-MdFUSB
041 _aspa
100 1 _aPadilla, C. René
_eautor
245 _aLucha por la paz
_c/ C. René Padilla
300 _aVolumen 5, número 3 y 4, (diciembre, 1986), páginas: 92 - 93
_c; 27 cm
520 _aEl desastre de Chernóbil será recordado como el año de la destrucción, con consecuencias devastadoras para la ecología y el uso pacífico de la energía nuclear. Un año de graves violaciones de las normas básicas de la coexistencia internacional, caracterizado por el bombardeo de Trípoli, Libia. La cruz de Cristo está en el centro de la batalla por la paz. Como pueblo de Dios, estamos llamados a luchar por la paz en nombre del Mesías crucificado y en nombre del poder. Nuestra única consigna es la lealtad a Aquel que dio su vida por nosotros. "Felices los que luchan por la paz, porque Dios los llama sus hijos."
650 0 _aPaz
_92052
650 7 _aPaz
_xAspectos religiosos
_xCristianismo
_92054
773 0 _tIglesia y Misión
_049402
_959679
_gVolumen 5, número 3 y 4, (diciembre, 1986), páginas: 92 - 93
_qpágina: 92
942 _cANA
999 _c51663
_d51663